Statistics for Artists who reached #1 in the USA that starts with F

Click here to take the quiz!

General Stats

  • This quiz has been taken 47 times
  • The average score is 6 of 25

Answer Stats

#SongArtist% Correct
2RespectAretha Franklin
68%
1I Want to Know What Love IsForeigner
56%
1Rock Me AmadeusFalco
54%
1We Are YoungFun
44%
2She Drives Me CrazyFine Young Cannibals
44%
3Big Girls Don't CryFergie
41%
1AlbatrossFleetwood Mac
41%
2Come Softly to MeThe Fleetwoods
41%
3The First Time Ever I Saw Your FaceRoberta Flack
39%
3LowFlo Rida
37%
2Gold DiggerJamie Foxx
22%
2Aquarius/Let the Sunshine InThe Fifth Dimension
20%
3Say It RightNelly Furtado
17%
1DespacitoLuis Fonsi
17%
1Theme from A Summer PlacePercy Faith
12%
1Before the Next Teardrop FallsFreddy Fender
10%
1Judy in Disguise (With Glasses)John Fred and His Playboy Band
10%
1Game of LoveWayne Fontana and the Mindbenders
7%
1The Shotgun BoogieTennessee Ernie Ford
7%
1Johnny AngelShelley Fabares
7%
1Everybody's Somebody's FoolConnie Francis
5%
1Like a G6Far East Movement
5%
1I'm Telling You NowFreddie and the Dreamers
5%
1I BelieveFantasia
5%
1Hearts of StoneFontane Sisters
0%

Score Distribution

Percentile by Number Answered

Percent of People with Each Score

Your Score History

You have not taken this quiz